Biggest Cities in Guinea - Statistics

General Stats
  • This quiz has been taken 108 times
    84 since last reset
  • The average score is 3 of 10
Answer Stats
Population City % Correct
1,660,973 Conakry
100%
190,722 Kankan
47%
138,695 Kindia
42%
195,027 Nzérékoré
40%
92,454 Labé
33%
99,931 Kissidougou
22%
83,428 Kamsar
20%
127,492 Siguiri
18%
157,017 Dubréka
10%
167,354 Manéah
3%
No matching quizzes found
Score Distribution
Percent of People with Each Score
Percentile by Number Answered
Your Score History
You have not taken this quiz since the last reset